000 00516nam a22001697a 4500
005 20231123071809.0
008 231123b |||||||| |||| 00| 0 eng d
020 _a9789991609157
041 _aEnglish
082 _a342.8 HUM
100 _lEnglish
245 _aHuman Rights and the Rule of Law in Namibia /
_cedited by N Horn and A Bosl
260 _aWindhoek :
_bMacmillan Namibia,
_c2008
300 _b298 pages ;
_c25 cm.
650 _aLegal practice
_bLaw
942 _cBK
_6ALISON_BN_VRIES
999 _c869
_d869